Sports Quiz

Random Sports or Europe Quiz

Champions League winners with different clubs Quiz Stats

Quiz not verified by Sporcle

Challenge
Share
Tweet
Embed
Score 0/21 Timer 08:00
0 Plays Today
Years Won % Correct
1995, 1998, 2003 & 2007Clarence Seedorf
87%
2006, 2009 & 2010Samuel Eto'o
61.9%
2004 & 2006Deco
57.5%
1995 & 2008Edwin Van Der Sar
55.9%
2008, 2009 & 2011Gerard Pique
54.3%
2001 & 2008Owen Hargreaves
43.7%
2004 & 2012Paulo Ferreira
41.3%
1993 & 1994Marcel Desailly
38.9%
1993 & 1996Didier Deschamps
32%
2004 & 2012Jose Bosingwa
31.6%
1989, 1990 & 1995Frank Rijkaard
30.4%
Years Won % Correct
1996 & 1997Paulo Sousa
30%
1988 & 1992Ronald Koeman
27.1%
2006 & 2010Thiago Motta
23.9%
1994 & 1998Christian Panucci
21.5%
1998, 2000 & 2003Fernando Redondo
21.1%
1991 & 1994Dejan Savicevic
19.8%
1991 & 1996Vladimir Jugovic
16.6%
1968 & 1982Jimmy Rimmer
12.1%
1986 & 1991Miodrag Belodedici
8.9%
1965 & 1969Saul Malatrasi
1.6%

You're not logged in!

Compare scores with friends on all Sporcle quizzes.
Sign Up with Email
OR
Log In

You Might Also Like...

Show Comments

Extras

Top Quizzes Today


Score Distribution

Your Account Isn't Verified!

In order to create a playlist on Sporcle, you need to verify the email address you used during registration. Go to your Sporcle Settings to finish the process.